000 00744nam a2200241 a 4500
001 24657
003 CO-ViMGA
008 141112s2004 ck r 000 u spa d
015 _ack - 2008 - xxxx
020 _a9788426360113
040 _aCO-ViMGA
_bspa
_cCO-ViMGA
041 _aspa fre
090 _aNORc
100 1 _aNorac, Carl
_933086
245 1 0 _aUn celular en el polo norte /
_cCarl Norac ; ilustraciones, Anne Isabelle Le Touzé ; traducción, P. Rozarena
260 _aZaragoza :
_bEditorial Luis Vives,
_c2008
300 _a40 p. : il. ; 20 cm.
490 _aAla delta. Serie roja
521 _a5 años en adelante
650 1 4 _aCuentos Infantiles
_92743
700 1 _aLe Touzé, Anne Isabelle, il.
_936745
942 _2ddc
_cBK
999 _c32469
_d32469